000 00331 a2200145 4500
001 155647
040 _cEscola São Tomás de Aquino
100 _aARANHA, Maria Lúcia de Arruda
240 1 0 _aFilosofando
_lpor
245 1 0 _aFilosofando
300 _a439
440 1 _aModerna
697 _aFILOSOFIA E PSICOLOGIA
942 _cBK
999 _c155647
_d155647